Современные методы измерения напряжения, порового давления и движения оползня на глубине

書誌詳細
団体著者: Институт гидрогеологии и инженерной геологии (Гидроингео)
その他の著者: Кюнтцель В. В. (редактор)
言語:ロシア語
出版事項: Ташкент, Фан, 1989
主題:
フォーマット: MixedMaterials 図書
KOHA link:https://koha.lib.tpu.ru/cgi-bin/koha/opac-detail.pl?biblionumber=251152

MARC

LEADER 00000nam0a2200000 4500
001 251152
005 20231101232630.0
010 |a 5648002734 
020 |a RU  |b 89-17592 
035 |a (RuTPU)RU\TPU\book\273417 
090 |a 251152 
100 |a 20140219d1989 k a0rusy5003 ca 
101 0 |a rus 
102 |a UZ 
105 |a a z 001zy 
200 1 |a Современные методы измерения напряжения, порового давления и движения оползня на глубине  |f Институт гидрогеологии и инженерной геологии (Гидроингео) ; под ред. В. В. Кюнтцеля 
210 |a Ташкент  |c Фан  |d 1989 
215 |a 176 с.  |c ил. 
304 |a Загл. корешка : Напряжение. Деформация. Оползень 
320 |a Библиогр.: с. 172-174. 
606 1 |a Оползни  |2 stltpush  |3 (RuTPU)RU\TPU\subj\47072  |9 66139 
610 1 |a инженерно-геологические исследования 
610 1 |a движение 
610 1 |a измерение 
610 1 |a оползневые процессы 
610 1 |a напряжение 
610 1 |a поровое давление 
610 1 |a поропьезометры 
610 1 |a смещения 
610 1 |a наблюдения 
675 |a 624.131.54  |z rus 
702 1 |a Кюнтцель  |b В. В.  |4 340 
712 0 2 |a Институт гидрогеологии и инженерной геологии (Гидроингео)  |c (Ташкент)  |2 stltpush  |3 (RuTPU)RU\TPU\col\17073 
801 0 |a RU  |b RuMRKP  |c 19960705  |g psbo 
801 1 |a RU  |b 63413507  |c 20140219 
801 2 |a RU  |b 63413507  |c 20140227  |g RCR 
942 |c BK